| 000 | 00382nam a22001337a 4500 | ||
|---|---|---|---|
| 008 | 131013b xxu||||| |||| 00| 0 eng d | ||
| 020 | _a9-7804-1404-3312 | ||
| 082 |
_216 ed. _a346.0482 GAR |
||
| 100 | _aGarnett, Kevin | ||
| 245 |
_aCopinger and Skone James on copyright _cKevin,Garnett. |
||
| 260 |
_aEngland _bThomson Reuters _c2011 |
||
| 300 |
_axv,1217P. _c24cm. |
||
| 942 |
_2ddc _cBK |
||
| 999 |
_c5766 _d5766 |
||